000 00663nam a22002177a 4500
005 20250717093548.0
008 250717b |||||||| |||| 00| 0 eng d
037 _cTB
040 _aCRL
_cCRL
041 _2PER
_aPER
084 _aP164v N4
_bCRL
100 _aQasmi, Mohsin Abul
_9815815
245 _aTareekh-e-zuban Farsi
260 _aTehran, Iran:
_bSazman,
_c1994.
300 _a350p.
365 _b850.00
_cINR
650 _aLinguistcs
_9727185
650 _aPersian Language-History
_9726997
942 _2CC
_cTB
_hP164v N4
_n0
999 _c1433707
_d1433707